[Event "23rd Abu Dhabi Masters"]
[Site "Abu Dhabi UAE"]
[Date "2016.08.24"]
[Round "5.24"]
[White "Aryan, Chopra"]
[Black "Sarkar, Justin"]
[Result "1-0"]
[WhiteTitle "IM"]
[BlackTitle "IM"]
[WhiteElo "2485"]
[BlackElo "2434"]
[WhiteFideId "5084423"]
[BlackFideId "2010011"]
[EventDate "2016.08.21"]

1. e4 e5 2. Nf3 Nc6 3. Bb5 a6 4. Ba4 Nf6 5. O-O Nxe4 6. d4 b5 7. Bb3 d5 8. dxe5
Be6 9. Nbd2 Nc5 10. c3 Be7 11. Bc2 d4 12. Nb3 d3 13. Nxc5 dxc2 14. Qxd8+ Rxd8
15. Nxe6 fxe6 16. Be3 Rd5 17. Rfc1 Nxe5 18. Nxe5 Rxe5 19. Rxc2 Kf7 20. c4 b4 21.
Kf1 Rd8 22. Re1 Bf6 23. g3 h5 24. Ke2 a5 25. Rd2 Rxd2+ 26. Kxd2 a4 27. Kd3 Ra5
28. Kc2 Rf5 29. Re2 g5 30. Kd3 c5 31. b3 a3 32. f4 gxf4 33. gxf4 h4 34. h3 Rh5
35. Ke4 Be7 36. Rd2 Ke8 37. Rg2 Kf7 38. Rd2 Ke8 39. Rf2 Rf5 40. Kf3 Rf8 41. Rd2
Rf7 42. Rg2 e5 43. Ke4 exf4 44. Bxf4 Kd7 45. Be3 Rf1 46. Rg1 Rf6 47. Rg7 Re6+
48. Kf3 Kc6 49. Rh7 Rf6+ 50. Ke2 Re6 51. Rh6 Kd7 52. Rxe6 Kxe6 53. Kf3 Kf5 54.
Bf2 Ke5 55. Be3 Kf5 56. Bf4 Bf8 57. Bb8 Be7 58. Bc7 Bf6 59. Bd6 Bd4 60. Be7 Bg1
61. Bxh4 Ke5 62. Ke2 Kd4 63. Bf6+ Ke4 64. h4 Kf5 65. Bg5 Bd4 66. Be3 1-0

[Event "23rd Abu Dhabi Masters"]
[Site "Abu Dhabi UAE"]
[Date "2016.08.24"]
[Round "5.26"]
[White "Das, Arghyadip"]
[Black "Tania, Sachdev"]
[Result "0-1"]
[WhiteTitle "IM"]
[BlackTitle "IM"]
[WhiteElo "2457"]
[BlackElo "2396"]
[WhiteFideId "5003610"]
[BlackFideId "5007844"]
[EventDate "2016.08.21"]

1. e4 e5 2. Nf3 Nc6 3. Nc3 Nf6 4. Bb5 Bd6 5. d3 h6 6. a3 a6 7. Ba4 b5 8. Bb3 Bc5
9. Nxe5 Nxe5 10. d4 Bxd4 11. Qxd4 d6 12. f4 c5 13. Qf2 Nc6 14. e5 dxe5 15. fxe5
Nxe5 16. Qxc5 Qe7 17. Qxe7+ Kxe7 18. Be3 Be6 19. Bc5+ Ke8 20. O-O Bxb3 21. cxb3
Nfd7 22. Bd6 f6 23. a4 bxa4 24. Rxa4 Kf7 25. Rfa1 Rhe8 26. Rxa6 Rxa6 27. Rxa6
Re6 28. Nd5 Nd3 29. h3 N3c5 30. Bxc5 Rxa6 31. Ba3 Ra5 32. Nc3 Re5 33. b4 Nb6 34.
b5 Ke6 35. Kf2 Nc4 36. Bf8 Kf7 37. Bb4 Nxb2 38. Bd6 Nd1+ 39. Nxd1 Rd5 40. Bc7
Rxd1 41. b6 Rb1 42. h4 Rb3 43. g3 h5 44. Ke2 Ke6 45. Kd2 Kd7 46. Kc2 Rf3 47. Kd2
Kc6 48. Kc2 g5 49. hxg5 fxg5 50. Kd2 h4 51. gxh4 gxh4 52. Ke2 Rf7 53. Ke3 h3 54.
Ke2 Kb7 55. Bd6 Kxb6 56. Bg3 Kc5 57. Bh2 Kd4 58. Bd6 Ke4 59. Bg3 Rh7 60. Bh2 Rg7
61. Bd6 h2 0-1

[Event "23rd Abu Dhabi Masters"]
[Site "Abu Dhabi UAE"]
[Date "2016.08.24"]
[Round "5.27"]
[White "Tissir, Mohamed"]
[Black "Banusz, Tamas"]
[Result "0-1"]
[WhiteTitle "IM"]
[BlackTitle "GM"]
[WhiteElo "2380"]
[BlackElo "2616"]
[WhiteFideId "9000240"]
[BlackFideId "722413"]
[EventDate "2016.08.21"]

1. e4 e5 2. Nf3 Nc6 3. Bc4 Nf6 4. d3 Be7 5. O-O d6 6. c3 O-O 7. Nbd2 Na5 8. Bb5
a6 9. Ba4 b5 10. Bc2 c5 11. Re1 Nc6 12. h3 h6 13. Nf1 Re8 14. Ng3 Be6 15. d4
cxd4 16. cxd4 exd4 17. Nxd4 Nxd4 18. Qxd4 Rc8 19. Bb3 d5 20. e5 Nd7 21. Nh5 Bc5
22. Qf4 Qg5 23. Qxg5 hxg5 24. Bxg5 d4 25. Bd2 Bxb3 26. axb3 Bf8 27. Rxa6 Rxe5
28. Rxe5 Nxe5 29. Rb6 Rc2 30. Bf4 d3 31. Ra6 d2 32. Ra1 Nd3 0-1

[Event "23rd Abu Dhabi Masters"]
[Site "Abu Dhabi UAE"]
[Date "2016.08.24"]
[Round "5.28"]
[White "Vaibhav, Suri"]
[Black "Omar, Noaman"]
[Result "1-0"]
[WhiteTitle "GM"]
[BlackTitle "IM"]
[WhiteElo "2556"]
[BlackElo "2377"]
[WhiteFideId "5045185"]
[BlackFideId "9300244"]
[EventDate "2016.08.21"]

1. d4 Nf6 2. c4 e6 3. Nf3 d5 4. Nc3 Be7 5. Bf4 O-O 6. a3 b6 7. Qc2 Bb7 8. Rd1 c5
9. cxd5 exd5 10. g3 c4 11. Bg2 Nc6 12. O-O a6 13. Ne5 h6 14. Qf5 Bc8 15. Qb1 Bb7
16. b3 cxb3 17. Nxc6 Bxc6 18. Qxb3 Ra7 19. a4 b5 20. axb5 axb5 21. Ra1 Rxa1 22.
Rxa1 b4 23. Na2 Qb6 24. Rb1 Bb5 25. Nxb4 Bc4 26. Nxd5 Qxb3 27. Nxe7+ Kh8 28.
Rxb3 Bxb3 29. Bf3 Re8 30. Bd6 Rd8 31. Bc5 Nd7 32. Bb4 Rb8 33. Ba5 Bd1 34. Bc7
Rb1 35. Kg2 Rb2 36. Kf1 Rb1 37. d5 Rc1 38. Bf4 Rb1 39. h4 Rb3 40. Kg2 Rb2 41.
Bg4 Bxe2 42. Bxd7 Rb7 43. Bc6 Rxe7 44. d6 Ra7 45. d7 1-0

[Event "23rd Abu Dhabi Masters"]
[Site "Abu Dhabi UAE"]
[Date "2016.08.24"]
[Round "5.29"]
[White "Iniyan, P"]
[Black "Troff, Kayden W"]
[Result "1/2-1/2"]
[BlackTitle "GM"]
[WhiteElo "2368"]
[BlackElo "2522"]
[WhiteFideId "25002767"]
[BlackFideId "2047896"]
[EventDate "2016.08.21"]

1. d4 Nf6 2. c4 g6 3. Nc3 d5 4. cxd5 Nxd5 5. e4 Nxc3 6. bxc3 Bg7 7. Nf3 c5 8.
Rb1 O-O 9. Be2 Nc6 10. d5 Ne5 11. Nxe5 Bxe5 12. Qd2 e6 13. f4 Bg7 14. c4 b6 15.
O-O exd5 16. cxd5 Bd4+ 17. Kh1 f5 18. e5 Qxd5 19. Bf3 Qc4 20. Bb2 Rb8 21. Bxd4
Rd8 22. Qc3 Qxd4 23. Qa3 Be6 24. Qxa7 Qd7 25. Qxd7 Rxd7 26. a4 Ra7 27. Rfc1 Rxa4
28. Rxc5 bxc5 29. Rxb8+ Kf7 30. Rb7+ Kf8 31. Kg1 Rxf4 32. Rxh7 g5 33. h3 g4 34.
Rh6 Ke7 35. Rh7+ Kf8 36. Rh6 Bf7 37. Rf6 gxf3 38. e6 fxg2 39. exf7 Rh4 40. Rxf5
Rxh3 41. Rxc5 Rg3 42. Rc2 Kxf7 43. Rxg2 Rxg2+ 44. Kxg2 1/2-1/2

[Event "23rd Abu Dhabi Masters"]
[Site "Abu Dhabi UAE"]
[Date "2016.08.24"]
[Round "5.30"]
[White "Raja, Harshit"]
[Black "Narayanan, Srinath"]
[Result "0-1"]
[BlackTitle "IM"]
[WhiteElo "2354"]
[BlackElo "2477"]
[WhiteFideId "5089000"]
[BlackFideId "5018420"]
[EventDate "2016.08.21"]

1. e4 e5 2. Nf3 Nc6 3. Bb5 a6 4. Ba4 Nf6 5. O-O Be7 6. d3 d6 7. c4 O-O 8. h3 Nd4
9. Nxd4 exd4 10. Nd2 c5 11. f4 Rb8 12. Qf3 b5 13. Bc2 bxc4 14. dxc4 Bb7 15. Qf2
Re8 16. Re1 Bf8 17. b4 Rc8 18. bxc5 d5 19. c6 Bxc6 20. exd5 d3 21. Bxd3 Bc5 22.
Qxc5 Rxe1+ 23. Kf2 Bxd5 24. Qd4 Rd1 25. Qe3 Bb7 26. Bc2 Rh1 27. Bb2 Rxa1 28.
Bxa1 Qd6 29. Be5 Qc6 30. Qg3 Rd8 31. Nf3 Qc5+ 32. Kf1 Qxc4+ 33. Kg1 Qxc2 34.
Bxf6 Rd1+ 35. Kh2 Qg6 36. Bg5 f6 37. f5 Qxf5 38. Bxf6 Qxf6 39. Qb8+ Rd8 40. Qxb7
Qf4+ 41. Kh1 Qc4 42. Qe7 Rd1+ 43. Ng1 h6 0-1

[Event "23rd Abu Dhabi Masters"]
[Site "Abu Dhabi UAE"]
[Date "2016.08.24"]
[Round "5.31"]
[White "Rajesh, V A V"]
[Black "Georgescu, Tiberiu-Marian"]
[Result "0-1"]
[WhiteTitle "IM"]
[BlackTitle "GM"]
[WhiteElo "2346"]
[BlackElo "2463"]
[WhiteFideId "5029317"]
[BlackFideId "1213300"]
[EventDate "2016.08.21"]

1. d4 Nf6 2. c4 e6 3. Nc3 d5 4. Bg5 Nbd7 5. e3 c6 6. Nf3 Qa5 7. Bxf6 Nxf6 8. Nd2
Be7 9. Bd3 O-O 10. O-O dxc4 11. Nxc4 Qc7 12. Rc1 Rd8 13. Qc2 Bd7 14. Rfd1 Be8
15. a3 c5 16. dxc5 Qxc5 17. Qe2 Rac8 18. Nd2 g6 19. h3 a6 20. Na2 Qb6 21. Rxc8
Rxc8 22. Nc4 Qc5 23. Rc1 Rd8 24. Nc3 Bc6 25. Rd1 Qg5 26. Qf1 b5 27. Na5 Ba8 28.
Nb3 Nd5 29. Nxd5 Qxd5 30. Bc2 Qe5 31. Nd4 Bd6 32. g3 Bc7 33. a4 Qd5 34. Kh2 bxa4
35. Bxa4 Qe4 36. Bc2 Qb7 37. b3 h5 38. h4 a5 39. Nb5 Rxd1 40. Bxd1 Be5 41. Na3
Qe7 42. f4 Qxa3 43. fxe5 Qb2+ 44. Kh3 Be4 45. Qe2 Qxe5 46. Qd2 Kh7 47. Qd7 Qf5+
48. Kh2 0-1

[Event "23rd Abu Dhabi Masters"]
[Site "Abu Dhabi UAE"]
[Date "2016.08.24"]
[Round "5.32"]
[White "Illingworth, Max"]
[Black "Antonio, Viani D'cunha"]
[Result "1-0"]
[WhiteTitle "GM"]
[WhiteElo "2458"]
[BlackElo "2346"]
[WhiteFideId "3205207"]
[BlackFideId "5027330"]
[EventDate "2016.08.21"]

1. d4 Nf6 2. Bg5 Ne4 3. h4 c5 4. d5 Qb6 5. Nd2 Nxg5 6. hxg5 Qxb2 7. g6 fxg6 8.
e3 g5 9. Rb1 Qe5 10. Ngf3 Qxd5 11. Bc4 Qd6 12. Nxg5 e6 13. Bd3 Qe7 14. Qh5+ g6
15. Bxg6+ Kd8 16. Nf7+ Kc7 17. Qh2+ d6 18. Nxh8 hxg6 19. Nxg6 Qf6 20. Nxf8 Qxf8
21. Ne4 b6 22. Rd1 1-0

[Event "23rd Abu Dhabi Masters"]
[Site "Abu Dhabi UAE"]
[Date "2016.08.24"]
[Round "5.33"]
[White "Thejkumar, M. S."]
[Black "Derakhshani, Borna"]
[Result "1-0"]
[WhiteTitle "IM"]
[BlackTitle "FM"]
[WhiteElo "2445"]
[BlackElo "2265"]
[WhiteFideId "5009154"]
[BlackFideId "12518450"]
[EventDate "2016.08.21"]

1. d4 Nf6 2. Nf3 e6 3. c4 d5 4. Nc3 Bb4 5. Qb3 c5 6. dxc5 Nc6 7. Bg5 dxc4 8.
Qxc4 Qa5 9. Bxf6 gxf6 10. Rc1 Bxc5 11. e3 e5 12. Qh4 Be7 13. Bc4 h5 14. Qe4 Qb4
15. Bd5 Qxe4 16. Bxe4 Be6 17. Nd5 Bd8 18. Nh4 Ba5+ 19. Ke2 Rd8 20. Rhd1 Nd4+ 21.
exd4 Bxd5 22. Bxd5 Rxd5 23. dxe5 Rxe5+ 24. Kf1 O-O 25. f4 Rb5 26. Rc2 Re8 27. g3
Kg7 28. a4 Rb4 29. Rd5 Rxa4 30. Rxh5 Ra1+ 31. Kg2 Bb6 32. Nf5+ Kg8 33. Rh6 Rae1
34. Kf3 R1e6 35. Rh4 a5 36. Rg4+ Kh8 37. Rd2 Bc5 38. Rd7 Re3+ 39. Nxe3 Rxe3+ 40.
Kg2 Re2+ 41. Kh3 Rxb2 42. Rxf7 Bg1 43. Rgg7 f5 44. Kh4 Rxh2+ 45. Kg5 Bd4 46. Rg6 1-0

[Event "23rd Abu Dhabi Masters"]
[Site "Abu Dhabi UAE"]
[Date "2016.08.24"]
[Round "5.35"]
[White "Vignesh, N R"]
[Black "Sidhant, Mohapatra"]
[Result "1-0"]
[WhiteTitle "IM"]
[WhiteElo "2423"]
[BlackElo "2259"]
[WhiteFideId "25012215"]
[BlackFideId "5028698"]
[EventDate "2016.08.21"]

1. e4 c5 2. Nf3 d6 3. d4 cxd4 4. Nxd4 Nf6 5. Nc3 a6 6. f4 Nbd7 7. Nf3 Qc7 8. Bd3
g6 9. O-O Bg7 10. a4 O-O 11. Qe1 b6 12. Kh1 Bb7 13. Qh4 Qc5 14. f5 b5 15. Bh6 b4
16. Nd5 Bxd5 17. exd5 Ne5 18. Ng5 Bxh6 19. Qxh6 Neg4 20. Qh4 h6 21. Ne4 Nxe4 22.
Bxe4 h5 23. h3 Qd4 24. Bd3 Qf6 25. Qe1 Ne5 26. fxg6 Qg5 27. gxf7+ Rxf7 28. Rxf7
Kxf7 29. Bxa6 Kg7 30. Bd3 Nxd3 31. cxd3 Ra5 32. Qxb4 Rxd5 33. Qc3+ Kh7 34. Rf1
Rf5 35. Rxf5 Qxf5 36. Qd4 Kg8 37. b4 e5 38. Qe4 Qe6 39. d4 Qa2 40. Qg6+ Kh8 41.
Qf6+ Kh7 42. dxe5 Qa1+ 43. Kh2 dxe5 44. a5 Qe1 45. a6 h4 46. a7 Qg3+ 47. Kg1
Qe1+ 48. Qf1 Qe3+ 49. Qf2 Qc1+ 50. Kh2 1-0

[Event "23rd Abu Dhabi Masters"]
[Site "Abu Dhabi UAE"]
[Date "2016.08.24"]
[Round "5.36"]
[White "Karavade, Eesha"]
[Black "Hill, Alistair"]
[Result "1-0"]
[WhiteTitle "IM"]
[WhiteElo "2415"]
[BlackElo "2257"]
[WhiteFideId "5012600"]
[BlackFideId "432407"]
[EventDate "2016.08.21"]

1. e4 e5 2. Nc3 Nf6 3. Bc4 c6 4. d4 b5 5. dxe5 bxc4 6. exf6 Qxf6 7. Nf3 Bb4 8.
O-O O-O 9. Bg5 Qg6 10. Qd4 Bxc3 11. bxc3 d5 12. exd5 cxd5 13. Qxd5 Qc6 14. Rad1
Be6 15. Qd6 h6 16. Bh4 Qxd6 17. Rxd6 Nd7 18. Nd4 Nc5 19. f3 Rfb8 20. Rc6 Rc8 21.
Rxc8+ Rxc8 22. Rb1 Bd7 23. Rb4 Ne6 24. Nf5 Rc5 25. Ne7+ Kf8 26. Rb8+ Be8 27. Nc8
Rb5 28. Be7+ Kg8 29. Rxb5 Bxb5 30. Nxa7 Bd7 31. Kf2 f5 32. Ke3 Kf7 33. Bd6 g6
34. Kd2 Nd8 35. Kc1 Ke6 36. Bf8 Nf7 37. Kb2 h5 38. Ka3 g5 39. Kb4 g4 40. Nb5 Ke5
41. Nd4 Kf4 42. Be7 Ke3 43. a4 Kf2 44. fxg4 hxg4 45. g3 Ne5 46. a5 Bc8 47. Kb5
Nf3 48. a6 Nxh2 49. a7 Bb7 50. Nxf5 Nf1 51. Kxc4 Kf3 52. Bd6 Ke4 53. Nd4 Ne3+
54. Kc5 Ba8 55. Nb5 Nxc2 56. Nc7 1-0

[Event "23rd Abu Dhabi Masters"]
[Site "Abu Dhabi UAE"]
[Date "2016.08.24"]
[Round "5.37"]
[White "Harikrishnan, A. Ra"]
[Black "Pascua, Haridas"]
[Result "0-1"]
[BlackTitle "IM"]
[WhiteElo "2280"]
[BlackElo "2404"]
[WhiteFideId "5081483"]
[BlackFideId "5203953"]
[EventDate "2016.08.21"]

1. e4 c5 2. Nf3 d6 3. Bb5+ Nd7 4. d4 cxd4 5. Qxd4 Nf6 6. e5 dxe5 7. Nxe5 a6 8.
Nxd7 Bxd7 9. Bxd7+ Qxd7 10. Qxd7+ Kxd7 11. Nc3 e6 12. Bg5 Kc6 13. O-O-O Bc5 14.
Bxf6 gxf6 15. Ne4 Be7 16. Rd3 f5 17. Ng3 Rhg8 18. Rg1 Rad8 19. Rc3+ Kb6 20. Ne2
Rg4 21. g3 Re4 22. Rb3+ Kc6 23. Nc3 Re5 24. Rd1 f4 25. gxf4 Rh5 26. h3 Rxd1+ 27.
Nxd1 Rf5 28. Rc3+ Kd7 29. Rf3 Bd6 30. Kd2 Rxf4 31. Rxf4 Bxf4+ 32. Kd3 f5 33. f3
Kd6 34. Nf2 Bg3 35. Nd1 Ke5 36. Ke3 Bh2 37. Kf2 Kf4 38. Kg2 Bg3 39. c3 Bh4 40.
b3 Be7 41. a4 h5 42. b4 b5 43. axb5 axb5 44. Kf2 Bh4+ 45. Ke2 Kg3 46. Nf2 Bf6
47. Nd3 Bxc3 48. f4 Kxh3 49. Kf3 h4 50. Nc5 Bxb4 51. Nxe6 Bc3 52. Nc5 Kh2 53.
Nb3 Kg1 54. Nc1 b4 55. Ne2+ Kf1 56. Nc1 Be1 57. Nd3 b3 0-1

[Event "23rd Abu Dhabi Masters"]
[Site "Abu Dhabi UAE"]
[Date "2016.08.24"]
[Round "5.38"]
[White "Mohota, Nisha"]
[Black "Krishna, C R G"]
[Result "0-1"]
[WhiteTitle "IM"]
[BlackTitle "IM"]
[WhiteElo "2257"]
[BlackElo "2401"]
[WhiteFideId "5004330"]
[BlackFideId "5018625"]
[EventDate "2016.08.21"]

1. e4 e6 2. d4 d5 3. Bd3 Nf6 4. e5 Nfd7 5. Nf3 c5 6. c3 Nc6 7. a3 Qb6 8. O-O
cxd4 9. cxd4 Nxd4 10. Nxd4 Qxd4 11. Nc3 a6 12. Re1 Bc5 13. Be3 Qh4 14. Bxc5 Nxc5
15. Bc2 O-O 16. Re3 h6 17. b4 Nd7 18. Qd3 f5 19. Nxd5 exd5 20. Qxd5+ Kh8 21. e6
Nf6 22. Qxf5 Qg4 23. Qxg4 Nxg4 24. e7 Re8 25. Bg6 Bd7 26. Bxe8 Rxe8 27. Re4 Nf6
28. Re5 Kg8 29. f3 Kf7 30. Rae1 Ng8 31. Kf2 Rxe7 32. f4 Bc6 33. Rxe7+ Nxe7 34.
g3 Nd5 35. Ke2 Kf6 36. Kd3 Nc7 37. Kc4 Ne6 38. Re3 g6 39. Re1 h5 40. Re3 h4 41.
gxh4 Nxf4 42. Kc5 Kf5 43. Rg3 Ng2 44. a4 Nxh4 45. b5 axb5 46. axb5 Be4 47. Kd6
Nf3 48. Rh3 g5 49. Kc7 g4 50. Rh8 Kf4 51. b6 Ke3 52. Kb8 Nxh2 53. Rxh2 g3 54.
Rh4 g2 55. Rg4 Bf3 56. Rg3 Kf2 57. Rxf3+ Kxf3 58. Kxb7 g1=Q 59. Ka8 Qa1+ 60. Kb8
Qe5+ 61. Ka8 Qa5+ 62. Kb7 Ke4 63. Kc6 Qa8+ 64. Kc7 Kd5 65. b7 Qa7 66. Kc8 Kc6
67. b8=Q Qd7# 0-1

[Event "23rd Abu Dhabi Masters"]
[Site "Abu Dhabi UAE"]
[Date "2016.08.24"]
[Round "5.39"]
[White "Senthil, Maran K"]
[Black "Girish, A. Koushik"]
[Result "0-1"]
[BlackTitle "IM"]
[WhiteElo "2208"]
[BlackElo "2399"]
[WhiteFideId "25035681"]
[BlackFideId "5038448"]
[EventDate "2016.08.21"]

1. d4 Nf6 2. c4 c6 3. g3 d5 4. Nf3 dxc4 5. Bg2 Nbd7 6. a4 a5 7. O-O Nb6 8. Qc2
g6 9. Nbd2 Bg7 10. e4 O-O 11. Rd1 Be6 12. Ne5 Ng4 13. Nxg4 Bxg4 14. Nf3 Bxf3 15.
Bxf3 Bxd4 16. Bh6 e5 17. Bxf8 Qxf8 18. Kg2 Qb4 19. Ra2 Nd7 20. h4 Qb3 21. Qb1
Nc5 22. Rh1 Nd3 23. h5 Nxf2 24. hxg6 fxg6 25. Rf1 Rf8 26. Rxf2 Bxf2 27. Ra3 Qb6
28. Qc2 Bd4 29. Qxc4+ Kg7 30. Rb3 Qc7 31. Qe6 Qf7 32. Qxf7+ Rxf7 33. g4 Kh6 34.
Kg3 Kg5 35. Bg2 b6 36. Bf3 Rf6 37. Be2 Rf2 38. Ba6 Rxb2 39. Rxb2 Bxb2 40. Bb7 b5
41. Bxc6 b4 42. Kf3 Bc1 43. Bd5 Bf4 44. Be6 Kf6 45. Bg8 h5 46. Bb3 h4 47. Kg2
Ke7 48. Kh3 g5 49. Kg2 Kd6 50. Kf3 h3 0-1

[Event "23rd Abu Dhabi Masters"]
[Site "Abu Dhabi UAE"]
[Date "2016.08.24"]
[Round "5.40"]
[White "Sankalp, Gupta"]
[Black "Ravi, Teja S."]
[Result "1-0"]
[BlackTitle "IM"]
[WhiteElo "1990"]
[BlackElo "2387"]
[WhiteFideId "5097010"]
[BlackFideId "5017220"]
[EventDate "2016.08.21"]

1. e4 c6 2. d4 d5 3. Nd2 dxe4 4. Nxe4 Bf5 5. Ng3 Bg6 6. h4 h6 7. Nf3 Nd7 8. h5
Bh7 9. Bd3 Bxd3 10. Qxd3 e6 11. Bd2 Qb6 12. O-O-O Rd8 13. Ne4 Ngf6 14. Nxf6+
Nxf6 15. Be3 Qb5 16. c4 Qa6 17. Kb1 b5 18. Ne5 Bd6 19. Bf4 O-O 20. Qg3 Bxe5 21.
Bxe5 Ne8 22. Bf4 Kh8 23. Qe3 Nd6 24. Bxh6 Nf5 25. Bxg7+ Kxg7 26. h6+ Kf6 27.
Qe5+ Ke7 28. h7 f6 29. Qc7+ Rd7 30. Qf4 Qc8 31. g4 Nd6 32. g5 Nf5 33. gxf6+ Kf7
34. Rdg1 Rxd4 35. Qg5 e5 36. Qg6+ Ke6 37. f7+ Ke7 38. Qg8 1-0

[Event "23rd Abu Dhabi Masters"]
[Site "Abu Dhabi UAE"]
[Date "2016.08.24"]
[Round "5.41"]
[White "Eggleston, David J"]
[Black "Rayes, Abdul Kader"]
[Result "1-0"]
[WhiteTitle "IM"]
[WhiteElo "2384"]
[BlackElo "2254"]
[WhiteFideId "412120"]
[BlackFideId "7600801"]
[EventDate "2016.08.21"]

1. e4 d5 2. exd5 Qxd5 3. Nf3 Bg4 4. Be2 Nc6 5. d4 O-O-O 6. Be3 e5 7. c4 Qa5+ 8.
Bd2 Bb4 9. d5 Bxf3 10. Bxf3 Bxd2+ 11. Nxd2 Nd4 12. O-O Qb4 13. Qc1 f5 14. Qc3
Qd6 15. Nb3 Nxf3+ 16. Qxf3 Nh6 17. h3 Kb8 18. Rfd1 Rhe8 19. c5 Qa6 20. c6 b6 21.
a4 e4 22. Qc3 Rd6 23. a5 e3 24. fxe3 Rg6 25. Qd3 Qxd3 26. Rxd3 f4 27. axb6 cxb6
28. d6 1-0

[Event "23rd Abu Dhabi Masters"]
[Site "Abu Dhabi UAE"]
[Date "2016.08.24"]
[Round "5.42"]
[White "Tarini, Goyal"]
[Black "Kjartansson, Gudmundur"]
[Result "0-1"]
[WhiteTitle "WFM"]
[BlackTitle "IM"]
[WhiteElo "2142"]
[BlackElo "2442"]
[WhiteFideId "5082749"]
[BlackFideId "2301318"]
[EventDate "2016.08.21"]

1. d4 d5 2. c4 c6 3. Nc3 Nf6 4. e3 e6 5. Bd3 Nbd7 6. cxd5 exd5 7. Nge2 Be7 8. f3
c5 9. O-O O-O 10. Kh1 b6 11. Nf4 Bb7 12. Qe1 Re8 13. g4 Bd6 14. Nfe2 Nf8 15. g5
Nh5 16. Qh4 g6 17. f4 Ne6 18. Qf2 Bc6 19. h4 Qd7 20. Qf3 cxd4 21. exd4 Neg7 22.
f5 Re4 23. Bxe4 dxe4 24. Qh3 Nxf5 25. Kg2 Re8 26. d5 Bb5 27. Bd2 e3 28. Rxf5
gxf5 29. Be1 Bxe2 30. Nxe2 Qb5 31. Qf3 Qxb2 32. Bc3 Nf4+ 33. Kf1 Qb5 34. Rd1 Re4
35. Ke1 Nd3+ 36. Kf1 Nf4 37. Ke1 Nxe2 38. Qxe2 Bg3+ 39. Kf1 Rf4+ 0-1

[Event "23rd Abu Dhabi Masters"]
[Site "Abu Dhabi UAE"]
[Date "2016.08.24"]
[Round "5.43"]
[White "Srinath, Rao S.V."]
[Black "Raetsky, Alexander"]
[Result "1/2-1/2"]
[WhiteTitle "FM"]
[BlackTitle "GM"]
[WhiteElo "2261"]
[BlackElo "2384"]
[WhiteFideId "5028876"]
[BlackFideId "4103203"]
[EventDate "2016.08.21"]

1. e4 e5 2. Nf3 Nf6 3. Nxe5 d6 4. Nf3 Nxe4 5. Nc3 Nf6 6. d4 Be7 7. Bd3 Bg4 8. h3
Bh5 9. g4 Bg6 10. Be3 O-O 11. Qe2 c6 12. O-O-O b5 13. Rdg1 b4 14. Nd1 Qa5 15.
Kb1 Bxd3 16. Qxd3 Qb5 17. Qxb5 cxb5 18. Bg5 Nc6 19. Re1 Rfe8 20. Ne3 Ne4 21.
Bxe7 Nxe7 22. Re2 Kf8 23. Rhe1 Nf6 24. h4 Nfd5 25. Nxd5 Nxd5 26. Kc1 h6 27.
Rxe8+ Rxe8 28. Kd2 Rc8 29. Ng1 a5 30. Ne2 a4 31. a3 bxa3 32. bxa3 Nb6 33. Kd3
Nc4 34. Ra1 Nb2+ 35. Kd2 Nc4+ 36. Kd3 g6 37. h5 Nb2+ 38. Kd2 Nc4+ 39. Kd3 Kg7
40. hxg6 fxg6 41. Nc3 Nb2+ 42. Kd2 Nc4+ 43. Kd3 Nxa3 44. Rxa3 b4 45. Rxa4 Rxc3+
46. Kd2 Rc4 47. Kd3 Rc3+ 48. Kd2 Rc4 1/2-1/2

[Event "23rd Abu Dhabi Masters"]
[Site "Abu Dhabi UAE"]
[Date "2016.08.24"]
[Round "5.44"]
[White "Kathmale, Sameer"]
[Black "Dimakiling, Oliver"]
[Result "1-0"]
[WhiteTitle "IM"]
[BlackTitle "IM"]
[WhiteElo "2248"]
[BlackElo "2382"]
[WhiteFideId "5024498"]
[BlackFideId "5202248"]
[EventDate "2016.08.21"]

1. e4 e5 2. Nf3 Nc6 3. Bb5 a6 4. Ba4 d6 5. c3 b5 6. Bb3 Na5 7. Bc2 c5 8. d4 Qc7
9. dxe5 dxe5 10. O-O Nf6 11. Bg5 Be7 12. Nbd2 O-O 13. Re1 Be6 14. Nf1 Nc4 15.
Qc1 h6 16. Bxf6 Bxf6 17. h3 Kh7 18. Bb3 Rfd8 19. Bxc4 Bxc4 20. Ne3 Be6 21. Qc2
g6 22. c4 bxc4 23. Nxc4 Rab8 24. b3 Rb4 25. Red1 Rdb8 26. Rac1 Bg7 27. Ne3 Qb7
28. Nd5 Rb5 29. Nc3 Ra5 30. Nd2 h5 31. Rb1 Qc6 32. Nc4 Bxc4 33. bxc4 Rb4 34. Nd5
Rba4 35. Rb2 Qe6 36. Rd3 Bh6 37. Rdb3 Bg5 38. Rb6 Qe8 39. Rb8 Qe6 40. R8b6 Qe8
41. g3 h4 42. g4 Ra3 43. Kg2 Kg7 44. Rb8 Qa4 45. Qxa4 R5xa4 46. Re8 Bc1 47. Rbb8
Kh6 48. Rh8+ Kg5 49. Rbg8 Rxh3 50. Kxh3 Ra3+ 51. Kg2 Kxg4 52. Rh7 h3+ 53. Rxh3
Rxh3 54. Nf6+ Kg5 55. Kxh3 Kxf6 56. Ra8 Kg5 57. Kg3 f5 58. Kf3 Bb2 59. Rxa6 Bd4
60. a4 fxe4+ 61. Kxe4 Bxf2 62. a5 Kh5 63. Ra8 g5 64. a6 g4 65. a7 1-0

[Event "23rd Abu Dhabi Masters"]
[Site "Abu Dhabi UAE"]
[Date "2016.08.24"]
[Round "5.45"]
[White "Deshpande, Aniruddha"]
[Black "Abhishek, Kelkar"]
[Result "0-1"]
[BlackTitle "IM"]
[WhiteElo "2219"]
[BlackElo "2380"]
[WhiteFideId "5021774"]
[BlackFideId "5019257"]
[EventDate "2016.08.21"]

1. d4 Nf6 2. Bg5 g6 3. Bxf6 exf6 4. g3 f5 5. Bg2 Bg7 6. e3 O-O 7. Ne2 d6 8. c4
Nd7 9. Nbc3 Re8 10. O-O Nf6 11. Qc2 h5 12. Nd5 Ng4 13. b4 c6 14. Ndf4 h4 15. b5
hxg3 16. hxg3 Qg5 17. Bh3 Bd7 18. Qd3 Re7 19. bxc6 Bxc6 20. Nd5 Bxd5 21. cxd5
Nxe3 22. fxe3 Rxe3 23. Qc2 Rae8 24. Rae1 f4 25. Bg2 fxg3 26. Qd2 Qh4 27. Rf4
Qh2+ 28. Kf1 Bh6 29. Rf6 Rf3+ 0-1

[Event "23rd Abu Dhabi Masters"]
[Site "Abu Dhabi UAE"]
[Date "2016.08.24"]
[Round "5.46"]
[White "Mehar, Chinna Reddy C.H."]
[Black "Patil, Pratik"]
[Result "1/2-1/2"]
[WhiteTitle "FM"]
[WhiteElo "2373"]
[BlackElo "2216"]
[WhiteFideId "5027420"]
[BlackFideId "5038758"]
[EventDate "2016.08.21"]

1. e4 c5 2. Nf3 e6 3. d3 Nc6 4. g3 d6 5. Bg2 Nf6 6. O-O Be7 7. Re1 Qc7 8. c3 O-O
9. d4 cxd4 10. cxd4 d5 11. e5 Ne4 12. Nbd2 Nxd2 13. Bxd2 Qb6 14. Bc3 Bd7 15. Qd2
a5 16. a4 Nb4 17. h4 Rfc8 18. h5 Qd8 19. Nh2 Qe8 20. Qd1 b5 21. axb5 Bxb5 22. h6
g6 23. Ng4 Qd8 24. Bf1 Bc4 25. Qa4 Rcb8 26. Red1 Kf8 27. Ne3 Bxf1 28. Kxf1 Qe8
29. Qxe8+ Kxe8 30. Ra4 Kd7 31. Rda1 Rb5 32. Ke2 Nc6 33. Ng4 Kc7 34. Kd3 Kb6 35.
Ne3 Ra7 36. f4 Rc7 37. g4 Bf8 38. Rh1 Bb4 39. g5 Be7 40. Rha1 Ra7 41. Nc2 Rc7
42. Ne3 Ra7 43. Ng4 Rc7 44. Kd2 Ra7 45. Nf2 Rc7 46. Nd3 Ra7 47. Rb1 Rb7 48. Rba1
Ra7 49. Rb1 Rb7 50. Rba1 1/2-1/2